| 000 | 00950nam a2200229Ia 4500 | ||
|---|---|---|---|
| 003 | Ost | ||
| 005 | 20260507075341.0 | ||
| 008 | 260507s9999||||xx |||||||||||||| ||und|| | ||
| 020 | _a978996193294 | ||
| 040 | _cfsecg | ||
| 041 | _aara | ||
| 082 | _a330 | ||
| 100 |
_aخري، عبد الناصر _eمؤلف |
||
| 245 | 0 |
_aنظام المعلومات التسويقية / _c عبد الناصر خري |
|
| 260 |
_aالجزائر: _bدار الخلدونية, _c2011 |
||
| 300 |
_a118 صفحة؛ _bإيضاحات ؛ _c23 سم |
||
| 520 | _aمبادئ ومفاهيم نظم المعلومات-ماهية نظام المعلومات التسويقية-بنية ومكونات نظام المعلومات التسويقية-المعلومات التسوقية ومصادر البيانات | ||
| 653 | _aالتسويق | ||
| 653 | _aالمعلومات | ||
| 653 | _aنظم المعلومات- المؤسسة الممتدة | ||
| 942 | _cكتاب | ||
| 999 |
_c44090 _d44090 |
||